MARC

LEADER 00000nam0a2200000 4500
001 57789
005 20231031054446.0
035 |a (RuTPU)RU\TPU\book\61012 
090 |a 57789 
100 |a 20031117d1966 km y0rusy50 ca 
101 0 |a rus 
102 |a RU 
105 |a a z 001zy 
200 1 |a Проектирование антенно-фидерных устройств  |f М. С. Жук, Ю. Б. Молочков 
210 |a Москва  |a Ленинград  |c Энергия  |d 1966 
215 |a 648 с.  |c ил. 
320 |a Библиогр.: с. 644-645. 
516 1 |a Антенно-фидерные устройства 
610 1 |a радиотехника 
610 1 |a антенно-фидерные устройства 
610 1 |a антенны 
610 1 |a проектирование 
610 1 |a вибраторные антенны 
610 1 |a щелевые антенны 
610 1 |a решетки излучателей 
610 1 |a зеркальные антенны 
610 1 |a рупорные антенны 
675 |a 621.396.67  |v 3 
700 1 |a Жук  |b М. С.  |g Михаил Сергеевич 
701 1 |a Молочков  |b Ю. Б.  |g Юрий Борисович 
801 1 |a RU  |b 63413507  |c 20031117  |g PSBO 
801 2 |a RU  |b 63413507  |c 20150619  |g PSBO 
942 |c BK